Leyton orient top goal scorers from 09/10 to 24/25 - Statistics

General Stats
  • This quiz has been taken 11 times
  • The average score is 14 of 16
Answer Stats
Hint Answer % Correct
21/22 (Tie) Aaron Drinan/Harry Smith
100%
24/25 Charlie Kelman
100%
20/21 Danny Johnson
100%
13/14 David Mooney
100%
15/16 Jay Simpson
100%
17/18 Macauley Bonne
100%
18/19 Macauley Bonne
100%
22/23 Paul Smyth
100%
23/24 Ruel Sotiriou
100%
19/20 Josh Wright
75%
11/12 Kevin Lisbie
75%
12/13 Kevin Lisbie
75%
09/10 Scott McGleish
75%
10/11 Alex Revell
50%
14/15 Chris Dagnall
50%
16/17 Paul McCallum
50%
No matching quizzes found
Score Distribution
Percent of People with Each Score
Percentile by Number Answered
Your Score History
You have not taken this quiz